Statistics for Presidents That Lost an Election

Click here to take the quiz!

General Stats

  • This quiz has been taken 51 times
  • The average score is 15 of 18

Answer Stats

HintAnswer% Correct
2020Donald Trump
100%
1992George H. W. Bush
98%
1980Jimmy Carter
96%
1932Herbert Hoover
93%
1960Richard Nixon
93%
1976Gerald Ford
89%
1800John Adams
89%
1828John Quincy Adams
89%
1912Theodore Roosevelt
89%
1796Thomas Jefferson
85%
1912William Howard Taft
85%
1824Andrew Jackson
83%
1888Grover Cleveland
83%
1892Benjamin Harrison
76%
1848Martin Van Buren
76%
1840Martin Van Buren
76%
1836William Henry Harrison
76%
1856Millard Fillmore
65%

Score Distribution

Percentile by Number Answered

Percent of People with Each Score

Your Score History

You have not taken this quiz